000 00529nam a22001937i 4500
001 3842
003 OSt
005 20170126082324.0
007 tu
008 161220s xxu||||| |||| 00| 0 d
024 7 _a3841
_2RID
040 _cOSt
100 1 _aDutschke, Michael
245 0 0 _aInterest Groups and Efficient Design of the Clean Development Mechanism under the Kyoto Protocol
260 _bHWWA-Institut für Wirtschaftsforschung,Hamburg
300 _c30cm
490 _aHWWA-Diskussionspapier
_v58
700 1 _aMichaelowa, Axel
942 _cB
999 _c3781
_d3781